header

John Norden's the Surveyor's dialogue (1618) (Record no. 81169)

MARC details
000 -LEADER
fixed length control field 01555nam a2200385Ia 4500
082 04 - DEWEY DECIMAL CLASSIFICATION NUMBER
Classification number 526.9
100 1# - MAIN ENTRY--AUTHOR NAME
Personal name Norden, John,
245 10 - TITLE STATEMENT
Title John Norden's the Surveyor's dialogue (1618)
250 ## - EDITION STATEMENT
Edition statement A critical ed.
260 ## - PUBLICATION, DISTRIBUTION, ETC. (IMPRINT)
Place of publication Burlington, VT :
Name of publisher Ashgate Pub. Company,
Year of publication 2010.
300 ## - PHYSICAL DESCRIPTION
Number of Pages xlii, 223 p. :
Other physical details ill.
490 1# - SERIES STATEMENT
Series statement Literary and scientific cultures of early modernity
500 ## - GENERAL NOTE
General note Previously published: Printed by T. Snodham, London, 1618.
650 #0 - SUBJECT ADDED ENTRY--TOPICAL TERM
Topical Term Surveying
Topical Term Agriculture
700 1# - ADDED ENTRY--PERSONAL NAME
Personal name Netzloff, Mark.
856 40 - ELECTRONIC LOCATION AND ACCESS
Uniform Resource Identifier http://site.ebrary.com/lib/rucke/Doc?id=10406786

No items available.

© 2026 Rongo University
Contact us: librarian | system librarian | Rongo university